000 00605 a2200193 4500
010 _a 99033211
020 _a007109217X (alk. paper)
040 _aDLC
_bDLC
082 0 0 _a005.7/3
100 1 _aSahni, Sartaj.
245 1 0 _aData structures, algorithms, and applications in Java
_cSartaj Sahni.
260 _aBoston :
_bMcGraw-Hill,
_cc2000.
300 _axxvi, 833 p. :
_bill. ;
_c24 cm.
650 0 _aJava (Computer program language)
650 0 _aData structures (Computer science)
650 0 _aComputer algorithms.
650 0 _aApplication software
_xDevelopment.
942 _cBK
_k005.73 SAH
_2ddc
999 _c6480
_d6480